000 00496nam a2200181Ia 4500
008 100917s9999 xx 000 0 und d
082 _b11174
100 _aहसमनीस द. का.
245 _aशापिता
260 _bश्री विशाखा प्रकाशन
_c1973
300 _a104
365 _b5
520 _aकादंबरी
630 _aशापिता
650 _aकादंबरी
730 _aशापिता
942 _cBOOK
999 _c616568
_d616565